000 00516nam a2200181Ia 4500
008 240925s9999 xx 000 0 und d
020 _aNA
082 _a621.3815 STE
100 _aSteppel, S; Hamacher, ,Clark V.; Belford, P. C.
245 0 _aDigital Systems Development Methodology (DSDM)
250 _aNA
260 _aLosAlamitos:
_bIEEE Computer Society
_c,1984.
300 _axvi,448p.
_bNA
_fOriginal
500 _aIncludes Index
600 _aElectronic Engineering
650 _aTechnology
942 _cBK
999 _c3688
_d3688